| 000 | 00517nam a22001811a 4500 | ||
|---|---|---|---|
| 001 | 18772 | ||
| 003 | OSt | ||
| 005 | 20260204212421.0 | ||
| 008 | 180626s2011||||spa||||||b||||||||||spa|| | ||
| 020 | _a9788492650767 | ||
| 082 | _a005.8 G633s | ||
| 100 | _aGómez Vieites,Álvaro | ||
| 245 | _aSeguridad en equipos informáticos/álvaro Gómez Vieites | ||
| 264 | _aMadrid:Starbook | ||
| 300 | _a166 p | ||
| 650 | _aSeguridad en computadores 2.Protección de datos 3.Seguridad en bases de datosÌ | ||
| 942 |
_2ddc _cBK |
||
| 999 |
_c18772 _d18772 |
||